| 000 | 01298nam2a2200313 4500 | ||
|---|---|---|---|
| 001 | RU\NLR\BIBL_A\011799387 | ||
| 005 | 20181010115925.0 | ||
| 010 |
_a978-5-389-14885-7 _912000 |
||
| 021 |
_aRU _bАЛ-П-18-00545и _9АЛ-П-18-0097 |
||
| 035 | _a(NLR Aleph) 011799387 | ||
| 035 | _a(RuMoRGB)009731797 | ||
| 090 |
_a11863948 _c11863948 |
||
| 100 | _a20180927d2018 d y0rusy50 ca | ||
| 101 | 1 |
_arus _cjpn |
|
| 102 | _aRU | ||
| 105 | _a t 000ay | ||
| 200 | 1 | _aПадать и блистать & Великое пророчество | |
| 210 | _d2018 | ||
| 215 |
_a394, [21] c. _cил. |
||
| 300 | _aЗагл. в макете: One-Punch Man 3 | ||
| 327 | 1 | _aСодерж.: Кн. 5: Падать и блистать; Кн. 6: Великое пророчество | |
| 461 | 0 |
_1001RU\NLR\BIBL_A\011689120 _12001#$aOne-Punch Man$e[манга]$fOne$g[перевод с японского Кристины Огневой]$gхудожник Юскэ Мурата$v03 _911328634 _cСанкт-Петербург [и др.] _d2018 _fOne _nАзбука [и др.] _o[манга] _tOne-Punch Man _v03 |
|
| 517 | 1 | _aOne-Punch Man 3 | |
| 852 |
_aNLR _j2018-3/6554 |
||
| 942 | _cBOOK | ||
| 980 | _aNB | ||